01411nam a22003137a 4500999001500000001000500015003000900020005001700029008004100046020001300087040002800100082002400128245010000152250002500252260003800277300002800315500010200343500005500445515004900500530002700549580007700576580016600653590003200819650005200851650003700903700002500940942001200965952012000977 c1405d14051917BD-DhUAP20200206122724.0200206s1995 mnuar 0 a0eng c a02720329 aFXGbEngcFXGdBD-DhUAP0 223 a343.73052 WES 00aWest's Federal taxation : bindividual income taxes /cEdited by William H. Hoffman... [et al.] a1996 annual edition. aSt. Paul : bWest Pub., cc1995.  avarious pages ;c26 cm. aIncludes instructor's guide and solutions manual; and Master tax: user's guide and documentation. aEditors: <1978-80> L.C. Phillips and W.H. Hoffman. aIssue for 2002 called also 25th anniversary. aAlso issued on CD-ROM. aAccompanied by: Introduction to computerized tax planning with AATAXCOM. aCan be used with: West-tax preparer ... to accompany West's federal taxation, and: Introduction to computerized tax planning with the BNA income tax spreadsheet. aSERBIB/SERLOC merged record 0aIncome taxxLaw and legislationzUnited States. 7aIncome taxxLaw and legislation. aHoffma, William H.  2ddccBK 00102ddc4070aUAPCLbUAPCLcGeneral Stacksd2020-02-06o343.73052 WESp3010001917r2020-02-06t1w2020-02-06yBK